000
00303nam a2200121Ia 4500
008
190216s9999||||xx |||||||||||||| ||und||
100
_a
Gessner G Hawlwy
245
0
_a
Condensed Chemical Dictionary
260
_b
Galgotia Publication Pvt Ltf
_c
1984
300
_a
1337p
650
_a
Chemistry
942
_c
BK
999
_c
2566
_d
2566